000 00484nam a22002057a 4500
003 bpm
005 20260409101100.0
008 260409b |||||||| |||| 00| j spa d
020 _a9789873952531
024 _aS. C. C. / M. C. y E. M.:
040 _aAR-CtUCP
041 _aspa
080 _aCDU
100 _aPoe Edgar Allan
245 _aCuentos completos
260 _aBuenos Aires
_bDebolsitllo
_c2015
650 _aLiteratura - Novela
942 _cLIB
999 _c76623
_d76623